MARC

LEADER 00000nam0a2200000 4500
001 274679
005 20231101234742.0
020 |a RU  |b 85-88955 
035 |a (RuTPU)RU\TPU\book\297889 
090 |a 274679 
100 |a 20141107d1985 km y0rusy5003 ca 
101 0 |a rus 
102 |a RU 
105 |a a g 001zy 
200 1 |a Справочник по литейному оборудованию  |f В. Я. Сафронов 
210 |a Москва  |c Машиностроение  |d 1985 
215 |a 319 с.  |c ил. 
320 |a Библиогр.: с. 313 
320 |a Предметный указатель: с. 314-319 
606 1 |a Литейное оборудование  |2 stltpush  |3 (RuTPU)RU\TPU\subj\40284  |9 60142 
610 1 |a справочники 
610 1 |a литейные линии 
610 1 |a литейные системы 
610 1 |a автоматизированные комплексы 
610 1 |a программное управление 
610 1 |a литейные установки 
675 |a 621.74.06(035)  |z rus  |v 3 
700 1 |a Сафронов  |b В. Я.  |g Виктор Яковлевич  |4 070 
801 0 |a RU  |b RuMRKP  |c 19950704  |g psbo 
801 1 |a RU  |b 63413507  |c 20141107 
801 2 |a RU  |b 63413507  |c 20170324  |g RCR 
942 |c BK